Southville International School and Colleges
Your cart is empty.
  • Cart
  • Lists
    Public lists Eva Luna New books Lux_list list_1
    Your lists Log in to create your own lists
  • Log in to your account
  • Your cookies
  • Search history
Southville International School and Colleges
  • Advanced search
  • Recent comments
  • Most popular
  • Libraries

Log in to your account

Log in with GOOGLE


If you do not have an external account, but do have a local account, you can still log in:

  1. Home
  2. MARC view: Partnership and corporation accounting :
Normal view MARC view ISBD view

Partnership and corporation accounting : (Record no. 293242)

[ view plain ]
MARC details
000 -LEADER
fixed length control field 00885nam a2200253Ia 4500
008 - FIXED-LENGTH DATA ELEMENTS--GENERAL INFORMATION
fixed length control field 160404s9999 xx 000 0 und d
020 ## - INTERNATIONAL STANDARD BOOK NUMBER
International Standard Book Number 971-92726-4-3
050 ## - LIBRARY OF CONGRESS CALL NUMBER
Classification number FIL HF 5686.C7
050 ## - LIBRARY OF CONGRESS CALL NUMBER
Item number .V35 2006
100 ## - MAIN ENTRY--PERSONAL NAME
Personal name Valencia, Edwin G.
245 ## - TITLE STATEMENT
Title Partnership and corporation accounting :
245 ## - TITLE STATEMENT
Remainder of title concepts, principles, procedures and application : based on the Philippine Accounting Standards (PAS) and International Financial Reporting Standards (IFRS) /
245 ## - TITLE STATEMENT
Statement of responsibility, etc Edwin G. Valencia, Gregorio F. Roxas, Darrell Joe. O. Asuncion.
250 ## - EDITION STATEMENT
Edition statement 2nd Edition
260 ## - PUBLICATION, DISTRIBUTION, ETC. (IMPRINT)
Place of publication, distribution, etc Baguio City:
260 ## - PUBLICATION, DISTRIBUTION, ETC. (IMPRINT)
Name of publisher, distributor, etc Valencia Educational Supply.
260 ## - PUBLICATION, DISTRIBUTION, ETC. (IMPRINT)
Date of publication, distribution, etc 2006
300 ## - PHYSICAL DESCRIPTION
Extent 458 pages :
300 ## - PHYSICAL DESCRIPTION
Other physical details illustrations ;
300 ## - PHYSICAL DESCRIPTION
Dimensions 25 cm.
500 ## - GENERAL NOTE
General note Includes bibliographical references.
650 ## - SUBJECT ADDED ENTRY--TOPICAL TERM
Topical term or geographic name as entry element Hotels -- Accounting.
650 ## - SUBJECT ADDED ENTRY--TOPICAL TERM
General subdivision Corporations -- Accounting.
Holdings
Withdrawn status Lost status Damaged status Home library Current library Shelving location Date acquired Cost, normal purchase price Total Checkouts Full call number Barcode Date last seen Price effective from Koha item type
      South Mansfield College South Mansfield College Filipiniana Section 06/20/2006 250.00   FIL HF 5686.C7 .V35 2006 SMC03261 04/04/2016 04/04/2016  

Partnership and corporation accounting :

APA

Valencia E. G., .Partnership and corporation accounting. Baguio City: .

Chicago

Valencia Edwin G, .Partnership and corporation accounting. Baguio City: .

Harvard

Valencia E. G., .Partnership and corporation accounting. Baguio City: .

MLA

Valencia Edwin G, .Baguio City: . .

  • Place hold
  • Print
  • Cite
  • Add to your cart (remove)
  • Save record
    BIBTEX Dublin Core MARCXML MARC (non-Unicode/MARC-8) MARC (Unicode/UTF-8) MARC (Unicode/UTF-8, Standard) MODS (XML) RIS
  • More searches
    Search for this title in:
    Other Libraries (WorldCat) Other Databases (Google Scholar) Online Stores (Bookfinder.com) Open Library (openlibrary.org)

Exporting to Dublin Core...

SOUTHVILLE LIBRARY

Southville International School and Colleges Library

1281 Tropical Ave. Cor. Luxembourg St., BF Homes International, Las Pinas City

Tel. No. 8256374 / 252358 Loc. 117/146

Powered by Koha